Nové trendy v ubytovacích službách a ich uplatnenie vo vybranom podniku bakalárska práca

Guardado en:
Detalles Bibliográficos
Autor principal: Veszprémiová, Lilla
Autor Corporativo: Obchodná fakulta EU. Katedra služieb a cestovného ruchu - zrušené
Otros Autores: Veszprémi Sirotková, Anna, 1966-
Formato: Libro
Lenguaje:eslovaco
Publicado: Bratislava 2017
Etiquetas: Agregar Etiqueta
Sin Etiquetas, Sea el primero en etiquetar este registro!

MARC

LEADER 00000nbm a2200000 4500
001 0232718
005 20170807103407.5
041 0 |a slo 
044 |a SK 
245 1 0 |a Nové trendy v ubytovacích službách a ich uplatnenie vo vybranom podniku  |b bakalárska práca  |c Lilla Veszprémiová ; školiteľ: Anna Veszprémi Sirotková 
264 1 |a Bratislava  |c 2017 
300 |a 62 s. 
100 1 |a Veszprémiová, Lilla 
700 1 |a Veszprémi Sirotková, Anna, 1966- 
710 2 |a Obchodná fakulta EU. Katedra služieb a cestovného ruchu - zrušené